000 00567nam a2200169 4500
001 111241
003 ES-MaACL
005 20230906185253.0
007 t|
008 061121s1954 bl r ||||1| spa d
100 1 _aNájera Angulo, Luis.
_984870
245 1 3 _aLa enseñanza de la Higiene y Medicina preventiva en las Facultades de Medicina /
_cDr. Luis Nájera.
260 _aRío de Janeiro :
_b[s.n.],
_c[1954?]
300 _a8 p. ;
_c23 cm.
500 _aEs separata de Laboratorio Clínico tercer trimestre de 1954.
852 _aES-MaACL
_j1982-F-19
_bR.37000
999 _c111241
_d111241